01537nam a2200337Ia 4500001001200000003000800012006001900020007001500039008004100054020003200095040002100127035002000148050002400168082001200192100002500204245025500229260005500484300001800539500004600557504004100603533015200644650003500796650004600831655002900877700002200906710003400928710001700962711007700979856012601056999001701182ebr10056995CaPaEBRm u cr cn|||||||||031222s2002 dcu sb f100 0 eng d z0309528879 (electronic bk.) aCaPaEBRcCaPaEBR a(OCoLC)5394268714aGB5010b.P59 2002eb04a5512221 aPlatt, Rutherford H.10aNatural disasters and energy policyh[electronic resource] :ba summary of the Forum on Natural Disasters and Energy Policy, June 12, 2001, Washington, DC : a summary /cto the Natural Disasters Roundtable by Rutherford H. Platt and Susan B. Mockler. aWashington, D.C. :bNational Academy Press,c2002. av, 18 leaves. aAt head of title: The National Academies. aIncludes bibliographical references. aElectronic reproduction.bPalo Alto, Calif. :cebrary,d2009.nAvailable via World Wide Web.nAccess may be limited to ebrary affiliated libraries. 0aNatural disastersvCongresses. 0aEnergy policyzUnited StatesvCongresses. 7aElectronic books.2local1 aMockler, Susan B.2 aNatural Disasters Roundtable.2 aebrary, Inc.2 aForum on Natural Disasters and Energy Policyd(2001 :cWashington, D.C.)40uhttp://site.ebrary.com/lib/rucke/Doc?id=10056995zAn electronic book accessible through the World Wide Web; click to view c71113d71113